[Event "5. Campeonato Iberoamericano 2014"]
[Site "Linares ESP"]
[Date "2014.07.25"]
[Round "4.20"]
[White "Hernandez Estevez, Yudania"]
[Black "Almagro Llamas, Pablo"]
[Result "0-1"]
[WhiteElo "2258"]
[BlackElo "2492"]
[PlyCount "95"]
[EventDate "2014.07.22"]
[EventType "swiss"]
[EventRounds "9"]
[EventCountry "ESP"]
[Source "lmi"]
[SourceDate "2014.07.22"]

1. e4 c5 2. Nf3 e6 3. d4 cxd4 4. Nxd4 Nf6 5. Bd3 d6 6. O-O Be7 7. c4 a6 8. Nc3
Nbd7 9. Re1 Qc7 10. Bf1 O-O 11. Bg5 b6 12. Rc1 Bb7 13. Qd2 Rfd8 14. f3 Rac8 15.
Kh1 Qb8 16. Bf4 Re8 17. Bg3 Nh5 18. Bf2 Bd8 19. Red1 Bc7 20. Qg5 Nhf6 21. Bg1
d5 22. Qh4 dxe4 23. Nxe4 Nxe4 24. fxe4 Bf4 25. Rc3 Nf6 26. Bd3 Red8 27. Bc2
Bxe4 28. Bxe4 Nxe4 29. Rh3 Nf6 30. Rf1 Be5 31. b3 h6 32. Rhf3 Qd6 33. Ne2 b5
34. c5 Qd2 35. Ng3 Qg5 36. Qb4 Rd7 37. Ne4 Nxe4 38. Qxe4 Bf6 39. Be3 Qe5 40.
Qg4 Bg5 41. Bg1 Kf8 42. h4 Bf6 43. Be3 h5 44. Qh3 b4 45. Bg1 a5 46. Re3 Qd5 47.
Re2 Qd3 48. Be3 0-1

[Event "5. Campeonato Iberoamericano 2014"]
[Site "Linares ESP"]
[Date "2014.07.26"]
[Round "5.1"]
[White "Bachmann, Axel"]
[Black "Gonzalez Acosta, Bernal"]
[Result "1-0"]
[WhiteElo "2652"]
[BlackElo "2458"]
[PlyCount "57"]
[EventDate "2014.07.22"]
[EventType "swiss"]
[EventRounds "9"]
[EventCountry "ESP"]
[Source "lmi"]
[SourceDate "2014.07.22"]

1. e4 c5 2. Nf3 d6 3. c3 Nf6 4. h3 g6 5. Bd3 Bg7 6. O-O O-O 7. Bc2 Nc6 8. d4
cxd4 9. cxd4 b6 10. Nc3 Ba6 11. Re1 Rc8 12. Bg5 Nb4 13. Bb1 Bb7 14. Qd2 d5 15.
e5 Ne4 16. Nxe4 dxe4 17. Bxe4 Bxe4 18. Rxe4 Nd5 19. Bh6 Qc7 20. Bxg7 Kxg7 21.
Rh4 h5 22. Qg5 Rh8 23. e6 fxe6 24. Re1 Nf6 25. Qe3 Qd6 26. Ng5 Nd5 27. Nxe6+
Kh7 28. Rxh5+ gxh5 29. Qg5 1-0

[Event "5. Campeonato Iberoamericano 2014"]
[Site "Linares ESP"]
[Date "2014.07.26"]
[Round "5.2"]
[White "Milos, Gilberto"]
[Black "Vazquez Igarza, Renier"]
[Result "1/2-1/2"]
[WhiteElo "2583"]
[BlackElo "2603"]
[PlyCount "78"]
[EventDate "2014.07.22"]
[EventType "swiss"]
[EventRounds "9"]
[EventCountry "ESP"]
[Source "lmi"]
[SourceDate "2014.07.22"]

1. c4 Nf6 2. Nc3 c5 3. g3 g6 4. Bg2 Bg7 5. Nf3 O-O 6. d4 cxd4 7. Nxd4 Nc6 8.
O-O Qa5 9. Nb3 Qh5 10. Nd5 d6 11. Nf4 Qe5 12. Nd3 Qh5 13. Nf4 Qe5 14. e4 Bg4
15. f3 Be6 16. Nd5 a5 17. a4 Qh5 18. Be3 Bxd5 19. cxd5 Ne5 20. Qe2 Rfc8 21.
Rac1 Bh6 22. Bxh6 Qxh6 23. f4 Ned7 24. e5 dxe5 25. fxe5 Nxe5 26. Rce1 Ra6 27.
Rf4 Ned7 28. Nd4 Re8 29. Nb5 Rb6 30. Qf2 e5 31. dxe6 Rbxe6 32. Rxe6 Rxe6 33.
Bxb7 Qg5 34. Qd4 Re1+ 35. Rf1 Rxf1+ 36. Kxf1 Qc1+ 37. Kg2 Qc2+ 38. Kg1 Qc1+ 39.
Kg2 Qc2+ 1/2-1/2

[Event "5. Campeonato Iberoamericano 2014"]
[Site "Linares ESP"]
[Date "2014.07.26"]
[Round "5.3"]
[White "Korneev, Oleg"]
[Black "Alonso Rosell, Alvar"]
[Result "1/2-1/2"]
[WhiteElo "2594"]
[BlackElo "2531"]
[PlyCount "60"]
[EventDate "2014.07.22"]
[EventType "swiss"]
[EventRounds "9"]
[EventCountry "ESP"]
[Source "lmi"]
[SourceDate "2014.07.22"]

1. e4 e5 2. Nf3 Nc6 3. Bb5 Bc5 4. O-O Nd4 5. Nxd4 Bxd4 6. c3 Bb6 7. d4 c6 8.
Ba4 d6 9. Na3 Nf6 10. Qd3 Bc7 11. d5 Bd7 12. Bg5 Rb8 13. Bxf6 Qxf6 14. Qc4 Qd8
15. dxc6 bxc6 16. Bxc6 Rxb2 17. Qa4 Rb6 18. Bxd7+ Qxd7 19. Qxa7 Qc6 20. c4 Ra6
21. Qe3 O-O 22. Nb5 Qxc4 23. Nxc7 Qxc7 24. a4 Rfa8 25. Rfc1 Qd7 26. Qb3 g6 27.
Rc4 Kg7 28. Rb4 R8a7 29. h3 Ra5 30. Kh2 d5 1/2-1/2

[Event "5. Campeonato Iberoamericano 2014"]
[Site "Linares ESP"]
[Date "2014.07.26"]
[Round "5.4"]
[White "Cori, Jorge"]
[Black "Fernandez Garcia, Jose Miguel"]
[Result "1/2-1/2"]
[WhiteElo "2608"]
[BlackElo "2353"]
[PlyCount "107"]
[EventDate "2014.07.22"]
[EventType "swiss"]
[EventRounds "9"]
[EventCountry "ESP"]
[Source "lmi"]
[SourceDate "2014.07.22"]

1. c4 Nf6 2. g3 e6 3. Bg2 d5 4. Nf3 Be7 5. O-O O-O 6. d4 dxc4 7. Ne5 Nc6 8.
Nxc6 bxc6 9. Bxc6 Rb8 10. Nc3 Bb7 11. Bxb7 Rxb7 12. e3 Bb4 13. Qf3 Rb8 14. Qe2
Bxc3 15. bxc3 Ne4 16. Qxc4 Qd5 17. Qxd5 exd5 18. c4 dxc4 19. Ba3 Rfe8 20. Rfc1
c3 21. Rc2 Rb6 22. Rac1 g5 23. g4 Ree6 24. Kg2 Rf6 25. Re2 h6 26. f3 Nd2 27.
Be7 Rfe6 28. Bc5 Rb2 29. Rxc3 Rxa2 30. d5 Rea6 31. Rf2 Nxf3 32. Rxa2 Nh4+ 33.
Kg3 Rxa2 34. e4 Rg2+ 35. Kh3 Re2 36. Bxa7 Rxe4 37. Rxc7 Ra4 38. Bf2 Ra3+ 39.
Bg3 Rd3 40. d6 Kg7 41. Rb7 Kg6 42. Rb8 Kg7 43. d7 Ng6 44. Kg2 Rxd7 45. Rb3 Rd2+
46. Kf3 Rd5 47. Ra3 Rb5 48. Rc3 Ne5+ 49. Bxe5+ Rxe5 50. Kg3 Kg6 51. h4 gxh4+
52. Kxh4 Re4 53. Rc5 f6 54. Rb5 1/2-1/2

[Event "5. Campeonato Iberoamericano 2014"]
[Site "Linares ESP"]
[Date "2014.07.26"]
[Round "5.5"]
[White "Camacho Collados, Marcos"]
[Black "Ortiz Suarez, Isan Reynaldo"]
[Result "0-1"]
[WhiteElo "2440"]
[BlackElo "2592"]
[PlyCount "126"]
[EventDate "2014.07.22"]
[EventType "swiss"]
[EventRounds "9"]
[EventCountry "ESP"]
[Source "lmi"]
[SourceDate "2014.07.22"]

1. d4 f5 2. Nc3 Nf6 3. Bg5 d5 4. Bxf6 exf6 5. e3 c6 6. Bd3 Bd6 7. Nge2 O-O 8.
Qd2 b5 9. g3 Na6 10. h4 Nb4 11. Nf4 Nxd3+ 12. cxd3 Re8 13. h5 Bd7 14. Nce2 a5
15. a3 a4 16. Nc3 Qb8 17. Na2 Bxf4 18. gxf4 Qxf4 19. O-O-O Qd6 20. Rh4 Re7 21.
Nb4 Be8 22. Rg1 Raa7 23. Qd1 Ra8 24. Rf4 Bd7 25. Qf3 Kh8 26. Kd2 Rg8 27. Qh3
Bc8 28. Rc1 Bd7 29. Rg1 Bc8 30. Rc1 Bd7 31. Rg1 Ree8 32. Na6 Bc8 33. Nc5 Qb8
34. Kc3 Qb6 35. Qh4 Be6 36. Kd2 b4 37. Ke2 bxa3 38. bxa3 Qb2+ 39. Kf3 Qxa3 40.
Qh1 Qc3 41. Rc1 Qa5 42. Ra1 a3 43. Qc1 Bf7 44. Rxf5 a2 45. Nb3 Qc7 46. Qh1 Rb8
47. Nc1 Rb1 48. Rxa2 c5 49. Rc2 Qd7 50. Rf4 cxd4 51. exd4 Qe8 52. Kg3 Bxh5 53.
Qxd5 Qg6+ 54. Kh2 Bg4 55. Qe4 f5 56. Rxg4 Qxg4 57. Qxg4 fxg4 58. Kg3 h5 59. Kh4
g6 60. Ne2 Kh7 61. Ng3 Kh6 62. Rc6 Rf8 63. Ne4 Rf3 0-1

[Event "5. Campeonato Iberoamericano 2014"]
[Site "Linares ESP"]
[Date "2014.07.26"]
[Round "5.6"]
[White "Forcen Esteban, Daniel"]
[Black "Roselli Mailhe, Bernardo"]
[Result "0-1"]
[WhiteElo "2535"]
[BlackElo "2425"]
[PlyCount "70"]
[EventDate "2014.07.22"]
[EventType "swiss"]
[EventRounds "9"]
[EventCountry "ESP"]
[Source "lmi"]
[SourceDate "2014.07.22"]

1. d4 Nf6 2. Nf3 g6 3. c4 Bg7 4. Nc3 d6 5. e4 O-O 6. Be2 e5 7. O-O Nc6 8. d5
Ne7 9. Ne1 Ne8 10. f3 f5 11. g4 Kh8 12. h4 Ng8 13. g5 f4 14. Rf2 Rf7 15. Nd3 h6
16. Rh2 Bf8 17. Kf2 Rh7 18. Qh1 Ng7 19. Bd2 Nh5 20. Rg1 Be7 21. Ke1 hxg5 22.
hxg5 Bxg5 23. Kd1 Nh6 24. Be1 Nf7 25. Bf1 a6 26. Nf2 Qf6 27. Ne2 b5 28. Nh3 Bh6
29. Qg2 bxc4 30. Qxg6 Qxg6 31. Rxg6 Bd7 32. Nf2 Ba4+ 33. Kd2 Ng3 34. Bh3 Rb8
35. Be6 Nf1+ 0-1

[Event "5. Campeonato Iberoamericano 2014"]
[Site "Linares ESP"]
[Date "2014.07.26"]
[Round "5.7"]
[White "Sos Andreu, Eric"]
[Black "Ibarra Jerez, Jose Carlos"]
[Result "1-0"]
[WhiteElo "2345"]
[BlackElo "2521"]
[PlyCount "115"]
[EventDate "2014.07.22"]
[EventType "swiss"]
[EventRounds "9"]
[EventCountry "ESP"]
[Source "lmi"]
[SourceDate "2014.07.22"]

1. d4 d6 2. Nf3 Bg4 3. c4 g6 4. g3 Bxf3 5. exf3 Bg7 6. Bg2 c6 7. Nc3 Nf6 8. d5
cxd5 9. cxd5 Nbd7 10. O-O O-O 11. f4 Rc8 12. Be3 a6 13. a4 Qa5 14. Qb3 Ng4 15.
Bd2 Qb6 16. Qd1 Nh6 17. Rb1 Qd8 18. Bh3 Rc7 19. Qe2 Nb6 20. Be3 Nc4 21. Bc1 Nf5
22. Bxf5 gxf5 23. Nd1 Nb6 24. Ne3 e6 25. dxe6 fxe6 26. a5 Nc8 27. Nc4 Qe8 28.
b3 Qg6 29. Ba3 Rc6 30. Rbd1 Rd8 31. Rfe1 Kf7 32. Bb2 Bxb2 33. Qxb2 Qf6 34. Qe2
Na7 35. Qh5+ Kg7 36. Rxe6 Qxe6 37. Qg5+ Kf7 38. Qxd8 Nb5 39. Qh4 h6 40. Qh5+
Kg7 41. Ne3 Rc5 42. b4 Rc7 43. Nxf5+ Kh7 44. Ne3 Nc3 45. Re1 d5 46. Ng2 Qf6 47.
Nh4 d4 48. Qf3 Kg7 49. Qd3 Kf8 50. Re5 Rf7 51. Nf3 Nb5 52. Nh4 Nc3 53. Nf5 Rd7
54. Rc5 Qe6 55. Kf1 Kf7 56. Nxd4 Qh3+ 57. Ke1 Nb5 58. Qh7+ 1-0

[Event "5. Campeonato Iberoamericano 2014"]
[Site "Linares ESP"]
[Date "2014.07.26"]
[Round "5.8"]
[White "Escobar Forero, Alder"]
[Black "Baules, Jorge"]
[Result "1/2-1/2"]
[WhiteElo "2460"]
[BlackElo "2317"]
[PlyCount "110"]
[EventDate "2014.07.22"]
[EventType "swiss"]
[EventRounds "9"]
[EventCountry "ESP"]
[Source "lmi"]
[SourceDate "2014.07.22"]

1. e4 c5 2. Nf3 d6 3. d4 cxd4 4. Nxd4 Nf6 5. Nc3 g6 6. Be3 Bg7 7. f3 O-O 8. Qd2
Nc6 9. g4 Be6 10. O-O-O Nxd4 11. Bxd4 Qa5 12. Kb1 Rfc8 13. Nd5 Qxd2 14. Nxf6+
Bxf6 15. Rxd2 Bxd4 16. Rxd4 Rc5 17. Be2 Rac8 18. Bd1 h5 19. h3 Kg7 20. f4 hxg4
21. hxg4 g5 22. f5 Bd7 23. c3 Bc6 24. Kc2 a5 25. Rh5 f6 26. Kd2 Re5 27. Bf3 Rb5
28. Kc1 Be8 29. Rh2 Bf7 30. a4 Rb4 31. Rhd2 Rb6 32. Be2 Rbc6 33. Bb5 Rc5 34.
Rh2 Be8 35. Bxe8 Rxe8 36. Kd2 Rec8 37. Kd3 b6 38. c4 Kf7 39. b3 Ke8 40. Ke3 Kd7
41. Rd1 Re5 42. Kd4 Kc6 43. Rdh1 Kd7 44. Rh7 Kc6 45. Rf7 Rc7 46. Rh8 Rb7 47.
Ra8 Kc7 48. Rff8 Kc6 49. Rf7 Kc7 50. Rh8 Kc6 51. Rhh7 Rd7 52. Rf8 Kc7 53. Rh2
Rd8 54. Rf7 Kc6 55. Rhh7 Rd7 1/2-1/2

[Event "5. Campeonato Iberoamericano 2014"]
[Site "Linares ESP"]
[Date "2014.07.26"]
[Round "5.9"]
[White "Anton Guijarro, David"]
[Black "Ruiz C, Joshua D"]
[Result "1-0"]
[WhiteElo "2631"]
[BlackElo "2374"]
[PlyCount "77"]
[EventDate "2014.07.22"]
[EventType "swiss"]
[EventRounds "9"]
[EventCountry "ESP"]
[Source "lmi"]
[SourceDate "2014.07.22"]

1. Nf3 c5 2. c4 Nc6 3. d4 cxd4 4. Nxd4 g6 5. e4 Bg7 6. Be3 Nf6 7. Nc3 d6 8. Be2
O-O 9. O-O Bd7 10. h3 Nxd4 11. Bxd4 Bc6 12. Qc2 a5 13. Rad1 Nd7 14. Bxg7 Kxg7
15. Bg4 Ne5 16. c5 Nxg4 17. hxg4 Qd7 18. cxd6 exd6 19. f3 Qe6 20. Rd4 Qe5 21.
Qd2 h5 22. gxh5 Qxh5 23. Rxd6 Rh8 24. Qd4+ Kg8 25. Qf6 Qc5+ 26. Rd4 Re8 27.
Rfd1 Re6 28. Qf4 Kg7 29. a3 b5 30. Ne2 Rf6 31. Qc1 Qb6 32. Qe3 Qc7 33. e5 Rf5
34. Rd6 Bxf3 35. gxf3 Qe7 36. f4 Rfh5 37. Ng3 Qh4 38. R1d2 Qg4 39. Rg2 1-0

[Event "5. Campeonato Iberoamericano 2014"]
[Site "Linares ESP"]
[Date "2014.07.26"]
[Round "5.10"]
[White "Del Rio De Angelis, Salvador G"]
[Black "Ladron De Guevara Pinto, Paolo"]
[Result "1-0"]
[WhiteElo "2520"]
[BlackElo "2355"]
[PlyCount "73"]
[EventDate "2014.07.22"]
[EventType "swiss"]
[EventRounds "9"]
[EventCountry "ESP"]
[Source "lmi"]
[SourceDate "2014.07.22"]

1. d4 d5 2. c4 dxc4 3. Nf3 Nf6 4. e3 Nc6 5. Bxc4 e6 6. Nc3 a6 7. e4 b5 8. Bd3
Nb4 9. Bb1 c5 10. a3 cxd4 11. Qxd4 Qxd4 12. Nxd4 e5 13. axb4 exd4 14. Nxb5
Bxb4+ 15. Ke2 O-O 16. Nxd4 Bb7 17. f3 Rfd8 18. Be3 Nd7 19. Rc1 Nc5 20. Nc2 Nb3
21. Nxb4 Nxa1 22. Ba2 a5 23. Nd5 Ba6+ 24. Kf2 Rab8 25. b4 axb4 26. Rxa1 Kh8 27.
Bb3 Bc8 28. Bf4 Rb7 29. Bc7 Re8 30. Ba4 Re6 31. Bb3 Rc6 32. Ra8 Rbxc7 33. Nxc7
Rxc7 34. Bxf7 g6 35. Be6 b3 36. Bxc8 Rc2+ 37. Kg3 1-0

[Event "5. Campeonato Iberoamericano 2014"]
[Site "Linares ESP"]
[Date "2014.07.26"]
[Round "5.12"]
[White "Barria Zuniga, Daniel"]
[Black "Reinaldo Castineira, Roi"]
[Result "1/2-1/2"]
[WhiteElo "2439"]
[BlackElo "2486"]
[PlyCount "115"]
[EventDate "2014.07.22"]
[EventType "swiss"]
[EventRounds "9"]
[EventCountry "ESP"]
[Source "lmi"]
[SourceDate "2014.07.22"]

1. Nf3 Nf6 2. c4 e6 3. Nc3 d5 4. d4 dxc4 5. e4 Bb4 6. Bxc4 Nxe4 7. O-O Nxc3 8.
bxc3 Be7 9. Ne5 O-O 10. Qg4 f5 11. Qe2 Kh8 12. Rd1 Qe8 13. Rb1 Bd6 14. Re1 Nc6
15. Nf3 Qh5 16. g3 Na5 17. Bd3 Bd7 18. c4 b6 19. c5 bxc5 20. Ne5 Qxe2 21. Rxe2
c4 22. Nxc4 Nxc4 23. Bxc4 Rab8 24. Rxb8 Rxb8 25. Bxe6 Bxe6 26. Rxe6 Kg8 27. Bf4
Kf7 28. d5 Re8 29. Bxd6 cxd6 30. Rxd6 Re1+ 31. Kg2 Rd1 32. Ra6 Rxd5 33. Rxa7+
Kf6 34. h4 Rd3 35. Ra6+ Kf7 36. Kf1 Rd2 37. a3 Rd3 38. Ke2 Rb3 39. Kf1 Rc3 40.
Kg2 Rb3 41. a4 Ra3 42. a5 h5 43. Kf1 Ra2 44. Ra8 Kg6 45. Ra7 Ra4 46. Ra6+ Kf7
47. Ke2 f4 48. Kf3 fxg3 49. fxg3 Ke7 50. Ke3 Rg4 51. Kf3 Ra4 52. Ra8 Kf6 53. a6
Kg6 54. Ke3 Rg4 55. Kf3 Ra4 56. Ke3 Rg4 57. Kf3 Re4 58. Kxe4 1/2-1/2

[Event "5. Campeonato Iberoamericano 2014"]
[Site "Linares ESP"]
[Date "2014.07.27"]
[Round "6.1"]
[White "Vazquez Igarza, Renier"]
[Black "Bachmann, Axel"]
[Result "0-1"]
[WhiteElo "2603"]
[BlackElo "2652"]
[PlyCount "150"]
[EventDate "2014.07.22"]
[EventType "swiss"]
[EventRounds "9"]
[EventCountry "ESP"]
[Source "lmi"]
[SourceDate "2014.07.22"]

1. Nf3 d5 2. d4 c6 3. c4 e6 4. Nbd2 f5 5. g3 Bd6 6. Bg2 Nf6 7. O-O Nbd7 8. b3
O-O 9. Bb2 b6 10. Ne5 Bb7 11. Rc1 Qe7 12. Ndf3 Rac8 13. Nd3 Ne4 14. Nfe5 Nxe5
15. dxe5 Ba3 16. Qc2 Bxb2 17. Qxb2 c5 18. cxd5 exd5 19. f3 Ng5 20. f4 Ne6 21.
Qd2 d4 22. Bxb7 Qxb7 23. a4 a6 24. Ne1 b5 25. axb5 axb5 26. Qd3 Qc6 27. Qf3 Qb6
28. Nd3 c4 29. bxc4 bxc4 30. Rb1 Qd8 31. Nf2 Rf7 32. Rb7 Rxb7 33. Qxb7 Rc7 34.
Qb6 Qd5 35. Ra1 Rb7 36. Qd6 Qxd6 37. exd6 Rb6 38. d7 Kf7 39. Ra5 Ke7 40. Rxf5
d3 41. d8=Q+ Kxd8 42. Nxd3 cxd3 43. Rd5+ Ke7 44. Rxd3 g5 45. fxg5 Nxg5 46. Kg2
Kf6 47. Rd4 Ke5 48. Ra4 Ne4 49. Ra7 h6 50. Ra5+ Kf6 51. Kf3 Ng5+ 52. Kf2 Kg6
53. Ra4 Rf6+ 54. Kg2 Re6 55. Kf1 Ne4 56. Rd4 Nc3 57. Rd2 Kf5 58. Rc2 Nd1 59.
Rd2 Ne3+ 60. Kg1 Ke4 61. Ra2 Rd6 62. Ra4+ Rd4 63. Rxd4+ Kxd4 64. Kf2 Ke4 65. h3
h5 66. Kg1 Nd5 67. Kf2 Nf6 68. g4 h4 69. g5 Nh5 70. g6 Ng7 71. e3 Ne6 72. Ke2
Kf5 73. Kd3 Kxg6 74. Ke4 Ng5+ 75. Kf4 Kh5 0-1

[Event "5. Campeonato Iberoamericano 2014"]
[Site "Linares ESP"]
[Date "2014.07.27"]
[Round "6.2"]
[White "Roselli Mailhe, Bernardo"]
[Black "Korneev, Oleg"]
[Result "0-1"]
[WhiteElo "2425"]
[BlackElo "2594"]
[PlyCount "122"]
[EventDate "2014.07.22"]
[EventType "swiss"]
[EventRounds "9"]
[EventCountry "ESP"]
[Source "lmi"]
[SourceDate "2014.07.22"]

1. d4 d5 2. c4 e6 3. Nc3 c6 4. e3 Nf6 5. Nf3 Nbd7 6. Qc2 b6 7. b3 Bb7 8. Be2
Bd6 9. O-O O-O 10. Bb2 Qe7 11. Rad1 Rad8 12. e4 Nxe4 13. Nxe4 dxe4 14. Qxe4 f5
15. Qh4 Nf6 16. c5 bxc5 17. Bc4 Bc8 18. Rfe1 h6 19. dxc5 Bxc5 20. Nd4 Bxd4 21.
Rxd4 Kh7 22. Qf4 Rxd4 23. Bxd4 Rd8 24. Bxf6 Qxf6 25. Qc7 Qc3 26. Rf1 Qd4 27.
Qxc6 e5 28. Be6 Bxe6 29. Qxe6 Rf8 30. h3 Rf6 31. Qc8 Qb2 32. Qc7 Qxa2 33. Qxe5
Qxb3 34. Ra1 a6 35. Kh2 Qb5 36. Qc3 Rc6 37. Qa5 Qb8+ 38. g3 Qb5 39. h4 Rc2 40.
Qxb5 axb5 41. Rb1 Rc5 42. Kg2 Kg6 43. Ra1 Rc6 44. Rb1 Rb6 45. Kf3 b4 46. Rb3
Kf6 47. Ke3 Ke5 48. Kd3 f4 49. Kc2 Kf5 50. Rf3 b3+ 51. Kb2 g5 52. hxg5 hxg5 53.
gxf4 gxf4 54. Rd3 Kg4 55. Rc3 Re6 56. Rxb3 Re2+ 57. Kc1 Rxf2 58. Kd1 Rf3 59.
Rb8 Re3 60. Kd2 Re7 61. Rb1 Kg3 0-1

[Event "5. Campeonato Iberoamericano 2014"]
[Site "Linares ESP"]
[Date "2014.07.27"]
[Round "6.3"]
[White "Fernandez Garcia, Jose Miguel"]
[Black "Ortiz Suarez, Isan Reynaldo"]
[Result "1-0"]
[WhiteElo "2353"]
[BlackElo "2592"]
[PlyCount "91"]
[EventDate "2014.07.22"]
[EventType "swiss"]
[EventRounds "9"]
[EventCountry "ESP"]
[Source "lmi"]
[SourceDate "2014.07.22"]

1. d4 Nf6 2. Nf3 e6 3. Bg5 h6 4. Bh4 d5 5. e3 Be7 6. Nbd2 O-O 7. Bd3 b6 8. O-O
Bb7 9. Ne5 Ne4 10. Bxe7 Qxe7 11. f4 c5 12. c3 Nd7 13. Nxe4 dxe4 14. Bc4 Nf6 15.
Qe2 Bd5 16. Bb5 Bb7 17. a4 Kh7 18. f5 Nd5 19. Nd7 Rfd8 20. c4 Rxd7 21. fxe6
fxe6 22. dxc5 Nb4 23. Bxd7 Qxd7 24. Qh5 Kg8 25. cxb6 axb6 26. Qb5 Qd6 27. a5
Bc6 28. Qxb6 Rb8 29. Rad1 Nd3 30. Qa7 Rb7 31. Qa8+ Kh7 32. Qf8 Qe5 33. b4 Nxb4
34. Rd8 Nd3 35. a6 Ra7 36. Rc8 Ba4 37. Qg8+ Kg6 38. Ra8 Re7 39. Qb8 Qc5 40.
Qg3+ Kh7 41. Rff8 Re8 42. Rf7 Qe5 43. Qxe5 Nxe5 44. Rxe8 Bxe8 45. Re7 Ba4 46.
a7 1-0

[Event "5. Campeonato Iberoamericano 2014"]
[Site "Linares ESP"]
[Date "2014.07.27"]
[Round "6.4"]
[White "Alonso Rosell, Alvar"]
[Black "Milos, Gilberto"]
[Result "0-1"]
[WhiteElo "2531"]
[BlackElo "2583"]
[PlyCount "48"]
[EventDate "2014.07.22"]
[EventType "swiss"]
[EventRounds "9"]
[EventCountry "ESP"]
[Source "lmi"]
[SourceDate "2014.07.22"]

1. d4 Nf6 2. Nf3 g6 3. c4 Bg7 4. Nc3 O-O 5. e4 d6 6. h3 Na6 7. Bg5 Qe8 8. g4 c6
9. Bg2 e5 10. O-O h5 11. Bxf6 Bxf6 12. dxe5 dxe5 13. gxh5 Qe7 14. Nh2 Nc5 15.
f4 exf4 16. Rxf4 Be5 17. Rf1 Qg5 18. hxg6 Bxh3 19. Qe2 fxg6 20. Rxf8+ Rxf8 21.
Nf3 Rxf3 22. Qxf3 Bg4 23. Qf2 Nd3 24. Qxa7 Bf3 0-1

[Event "5. Campeonato Iberoamericano 2014"]
[Site "Linares ESP"]
[Date "2014.07.27"]
[Round "6.5"]
[White "Sos Andreu, Eric"]
[Black "Almagro Llamas, Pablo"]
[Result "0-1"]
[WhiteElo "2345"]
[BlackElo "2492"]
[PlyCount "80"]
[EventDate "2014.07.22"]
[EventType "swiss"]
[EventRounds "9"]
[EventCountry "ESP"]
[Source "lmi"]
[SourceDate "2014.07.22"]

1. d4 Nf6 2. c4 e6 3. g3 c5 4. d5 exd5 5. cxd5 d6 6. Nc3 g6 7. Nf3 Bg7 8. Bg2
O-O 9. O-O Re8 10. Nd2 a6 11. a4 Nbd7 12. h3 Rb8 13. Nc4 Ne5 14. Na3 Nh5 15. e4
Bd7 16. a5 Qxa5 17. g4 Nf6 18. f4 Nexg4 19. hxg4 Nxg4 20. f5 h5 21. Bg5 Qb4 22.
f6 Re5 23. fxg7 Rxg5 24. Qd2 Qd4+ 25. Qxd4 cxd4 26. Nd1 Rc8 27. Kh1 a5 28. Rf3
b5 29. Bf1 Ne5 30. Rf2 d3 31. b3 Kxg7 32. Rd2 Rg3 33. Rg2 Rf3 34. Rf2 Rxf2 35.
Nxf2 Rc3 36. Rb1 d2 37. Rd1 Rc1 38. Nxb5 Bxb5 39. Bxb5 Ng4 40. Kg2 Ne3+ 0-1

[Event "5. Campeonato Iberoamericano 2014"]
[Site "Linares ESP"]
[Date "2014.07.27"]
[Round "6.6"]
[White "Anton Guijarro, David"]
[Black "Escobar Forero, Alder"]
[Result "1/2-1/2"]
[WhiteElo "2631"]
[BlackElo "2460"]
[PlyCount "92"]
[EventDate "2014.07.22"]
[EventType "swiss"]
[EventRounds "9"]
[EventCountry "ESP"]
[Source "lmi"]
[SourceDate "2014.07.22"]

1. e4 c5 2. Nf3 e6 3. d4 cxd4 4. Nxd4 Nf6 5. Nc3 Nc6 6. g3 d6 7. Bg2 Bd7 8. O-O
Be7 9. h3 O-O 10. Nde2 Rc8 11. g4 Ne5 12. g5 Ne8 13. f4 Ng6 14. Be3 b5 15. a3
a5 16. Qd3 Qc7 17. b4 f6 18. Nxb5 Qc4 19. Na7 Qxc2 20. Qxc2 Rxc2 21. Nd4 Rc3
22. Rfe1 axb4 23. axb4 fxg5 24. f5 exf5 25. exf5 Ne5 26. b5 Bd8 27. Kh1 Rxe3
28. Rxe3 Bb6 29. Ra4 Nc7 30. Rc3 g6 31. Rxc7 Bxc7 32. Ne6 Bxe6 33. fxe6 Kg7 34.
Ra1 Bb6 35. Ra6 Bxa7 36. Rxa7+ Kf6 37. Bd5 Rb8 38. e7 Re8 39. b6 Rxe7 40. b7
Nd7 41. Ra8 Re1+ 42. Kg2 Rb1 43. Re8 Rb6 44. Re6+ Kf5 45. Re7 Nc5 46. Rxh7 Ke5
1/2-1/2

[Event "5. Campeonato Iberoamericano 2014"]
[Site "Linares ESP"]
[Date "2014.07.27"]
[Round "6.7"]
[White "Baules, Jorge"]
[Black "Cori, Jorge"]
[Result "0-1"]
[WhiteElo "2317"]
[BlackElo "2608"]
[PlyCount "112"]
[EventDate "2014.07.22"]
[EventType "swiss"]
[EventRounds "9"]
[EventCountry "ESP"]
[Source "lmi"]
[SourceDate "2014.07.22"]

1. d4 Nf6 2. c4 g6 3. g3 Bg7 4. Bg2 d5 5. cxd5 Nxd5 6. e4 Nb6 7. Ne2 O-O 8.
Nbc3 Nc6 9. d5 Na5 10. O-O c6 11. h3 cxd5 12. exd5 Nac4 13. b3 Nd6 14. Bf4 Bd7
15. a4 Rc8 16. Rc1 Na8 17. Qd2 Qb6 18. Qe3 Qxe3 19. Bxe3 a6 20. Bf4 f5 21. Bg5
Kf7 22. Na2 Rxc1 23. Rxc1 Rc8 24. Be3 Nc7 25. Bb6 Nce8 26. Nb4 Nf6 27. Nd3
Rxc1+ 28. Nexc1 Nfe4 29. Nc5 Nxc5 30. Bxc5 Ne4 31. Bb6 e6 32. dxe6+ Bxe6 33. b4
Bc4 34. Bf1 Bxf1 35. Kxf1 Ke6 36. Nb3 Kd5 37. Be3 Kc4 38. Na5+ Kxb4 39. Nxb7
Kxa4 40. g4 fxg4 41. hxg4 Kb4 42. Ke2 Kc4 43. f4 Kd5 44. Kf3 Bc3 45. f5 a5 46.
Bc1 a4 47. Nd8 Nc5 48. Nf7 Nb3 49. Ba3 Nd4+ 50. Kf4 Bd2+ 51. Kg3 gxf5 52. gxf5
Nxf5+ 53. Kf2 Nd4 54. Bb2 Bf4 55. Nd8 Nb3 56. Ke2 h5 0-1

[Event "5. Campeonato Iberoamericano 2014"]
[Site "Linares ESP"]
[Date "2014.07.27"]
[Round "6.8"]
[White "Gonzalez Acosta, Bernal"]
[Black "Del Rio De Angelis, Salvador G"]
[Result "1-0"]
[WhiteElo "2458"]
[BlackElo "2520"]
[PlyCount "96"]
[EventDate "2014.07.22"]
[EventType "swiss"]
[EventRounds "9"]
[EventCountry "ESP"]
[Source "lmi"]
[SourceDate "2014.07.22"]

1. d4 Nf6 2. c4 d6 3. Nf3 g6 4. g3 Bg7 5. Bg2 O-O 6. O-O c6 7. Nc3 Bf5 8. Nh4
Be6 9. d5 cxd5 10. cxd5 Bd7 11. h3 a5 12. e4 a4 13. Be3 a3 14. b3 Qa5 15. Rc1
Na6 16. Bd4 Rfc8 17. f4 Nb4 18. Qf3 Be8 19. e5 Nd7 20. Qe3 dxe5 21. fxe5 Nxe5
22. Bxe5 Bxe5 23. Qxe5 Nd3 24. Qxe7 Rxc3 25. Rxc3 Qxc3 26. d6 Ne5 27. Kh2 Bd7
28. Qg5 Re8 29. Qf4 Qd3 30. Nf3 Nxf3+ 31. Rxf3 Qf5 32. Qc1 Qh5 33. Re3 Rxe3 34.
Qxe3 Qf5 35. Qa7 b5 36. Qxa3 Qc2 37. Qa8+ Kg7 38. Qb7 Qf5 39. Qa7 h5 40. a4
bxa4 41. bxa4 h4 42. Qd4+ Qf6 43. Qxf6+ Kxf6 44. a5 hxg3+ 45. Kxg3 Bb5 46. Bd5
g5 47. Kf2 Ke5 48. a6 Kxd5 1-0

[Event "5. Campeonato Iberoamericano 2014"]
[Site "Linares ESP"]
[Date "2014.07.27"]
[Round "6.9"]
[White "Forcen Esteban, Daniel"]
[Black "Pardo Simon, David"]
[Result "1-0"]
[WhiteElo "2535"]
[BlackElo "2457"]
[PlyCount "61"]
[EventDate "2014.07.22"]
[EventType "swiss"]
[EventRounds "9"]
[EventCountry "ESP"]
[Source "lmi"]
[SourceDate "2014.07.22"]

1. e4 e5 2. Nf3 Nc6 3. Bb5 a6 4. Ba4 g6 5. O-O Bg7 6. c3 Nge7 7. d4 exd4 8.
cxd4 b5 9. Bc2 d6 10. h3 O-O 11. Nc3 Na5 12. Bf4 Nc4 13. Qc1 Re8 14. b3 Nb6 15.
Bh6 Bh8 16. Qf4 Nc6 17. Rad1 Qf6 18. Qg3 Bb7 19. Rfe1 Qd8 20. h4 Ne7 21. h5 Qd7
22. Ng5 d5 23. Qf3 f6 24. e5 Qc6 25. e6 b4 26. Nxh7 Kxh7 27. hxg6+ Kg8 28. g7
Bxg7 29. Qg4 Nf5 30. Qxf5 Qxc3 31. Qh7+ 1-0